The Evolution of the Dramatic art of W. Somerset Maugham: a study of his selected plays/ (Record no. 178267)

MARC details
000 -LEADER
fixed length control field 00750nam a22001817a 4500
005 - DATE AND TIME OF LATEST TRANSACTION
control field 20210324112105.0
010 ## - LCCN (DPL NO)
LC control number ENG-129274
020 ## - INTERNATIONAL STANDARD BOOK NUMBER
International Standard Book Number 978-93-83959-98-3
Terms of availability 299.00
035 ## - SYSTEM CONTROL NUMBER
System control number EN-112806
037 ## - SOURCE OF ACQUISITION
Source of stock number/acquisition DBAD/PUB
082 ## - DEWEY DECIMAL CLASSIFICATION NUMBER
Classification number 882.08
100 ## - MAIN ENTRY--PERSONAL NAME
Personal name M. Neeraja
245 ## - TITLE STATEMENT
Title The Evolution of the Dramatic art of W. Somerset Maugham: a study of his selected plays/
Statement of responsibility, etc M. Neeraja
260 ## - PUBLICATION, DISTRIBUTION, ETC. (IMPRINT)
Place of publication, distribution, etc Hyderabad
Name of publisher, distributor, etc Seven Hills International Publishers
Date of publication, distribution, etc 2014
270 ## - ADDRESS
City Hyderabad
Postal code 500038
Address 3326/C, Level-4, Surneni Nilayam, Near B K Gupta Park, S R Nagar
Telephone number 91 40 23710657, 238000657
Fax number 91 40 23810657
Electronic mail address studentshelpline.in@gmail.com
300 ## - PHYSICAL DESCRIPTION
Extent vi+186p.
Dimensions 24cm(pbk)
Other physical details Including bibliographical references.
942 ## - ADDED ENTRY ELEMENTS (KOHA)
Source of classification or shelving scheme Dewey Decimal Classification
Item type English Books
Classification part 882.08
Call number suffix MNE
Holdings
Withdrawn status Lost status Not for loan Collection code Home library Current library Date acquired Source of acquisition Cost, normal purchase price Full call number Barcode Copy number Cost, replacement price Koha item type
      Non-fiction Bawana Bawana 24/03/2021 DBAD/PUB 299.00 882.08 MNE EN-112806 1 299.00 English Books

© Delhi Public Library
Hit Counter
free hit counter